000 00846nam a22002057a 4500
999 _c9690
_d9690
003 AR-CdUCM
008 190328b ||||| |||| 00| 0 spa d
040 _aMUNICIPALIDAD PROVINCIAL DEL CUSCO
_cBIBLIOTECA MUNICIPAL DEL CUSCO
082 _a901 /
_bL34 / 1931
100 _aLe Bon, Gustave
_926056
245 _aBases científicas de una filosofía de la historia /
260 _aMadrid :
_bM. Aguilar,
_c1931.
300 _a279 páginas ;
_c18.5 cm.
505 _aContenido: Filosofía actual del universo. La inestabilidad del mundo y su evolución -- Las diversas interpretaciones de la historia -- Las restituciones científicas de la historia -- Los elementos creadores de la historia ...
650 _aFilosofía.
_9395
650 _aHistoria
_9136
700 _aGarcía, F. (traducción)
_926057
942 _2ddc
_cLIBROS
945 _aacv